Statistiques concernant 10 Rappeurs toulousains

Cliquez ici pour prendre le quiz!

Statistiques générales

  • Ce quiz a été pris 44 fois
  • Le résultat moyen est 3 sur 10

Statistiques - réponses

ProjetRappeur.se% Correct
La Vraie VieBigflo & Oli
100%
L'étrange Histoire de Mr. AndersonLaylow
83%
3e cycleH JeuneCrack
26%
CobaltZinée
11%
La lumière du noirLombre
9%
EMOTIONRealo
9%
Mutation HgWarEnd
9%
CHAUDARFadah
6%
Angle MortMelan
6%
Éternel RetourSelug
6%

Distribution des résultats

Percentile par nombre de réponses

% des personnes avec chaque résultat

Votre développement - résultats

Vous n’avez pas pris ce quiz